No Light, No Light Lyrics (Florence + the Machine) - Statistics

General Stats
  • This quiz has been taken 215 times
  • The average score is 324 of 387
Answer Stats
Answer % Correct
I
100%
in
100%
light
100%
no
100%
You
100%
you
100%
a
99%
eyes
99%
your
99%
be
98%
blue
98%
the
95%
it
93%
never
93%
so
93%
when
93%
bright
92%
day
92%
me
92%
to
92%
violent
92%
what
92%
could
91%
and
90%
do
87%
my
87%
of
87%
say
87%
stay
87%
want
87%
make
86%
can't
85%
it's
85%
knew
85%
tell
84%
away
82%
revelation
82%
are
79%
anything
78%
you're
77%
have
76%
head
76%
heart
75%
choose
74%
stays
74%
fades
72%
I'd
71%
but
70%
just
70%
conversation
69%
clear
67%
daylight
63%
night
63%
right
63%
some
63%
space
63%
time
63%
tonight
63%
bed
62%
thought
62%
resolution
61%
between
60%
morning
60%
said
60%
get
59%
kind
59%
fear
56%
love
56%
over
56%
hole
55%
silence
55%
crowd
54%
out
54%
if
53%
need
53%
there
52%
were
51%
start
48%
was
48%
help
47%
I've
47%
this
47%
done
46%
easy
46%
Heaven
46%
told
46%
hard
45%
would
45%
leave
44%
faces
43%
thousand
43%
become
41%
crying
39%
loud
38%
disappearing
34%
place
34%
plain
33%
sight
32%
through
32%
cause
30%
other
28%
No matching quizzes found
Score Distribution
Percent of People with Each Score
Percentile by Number Answered
Your Score History
You have not taken this quiz